Hybrid Solutions for the Modelling of Complex Environmental Systems (Record no. 29545)
[ view plain ]
| 000 -LEADER | |
|---|---|
| fixed length control field | 00660nam a2200133Ia 4500 |
| 008 - FIXED-LENGTH DATA ELEMENTS--GENERAL INFORMATION | |
| fixed length control field | 220620s9999||||xx |||||||||||||| ||und|| |
| 022 ## - INTERNATIONAL STANDARD SERIAL NUMBER | |
| International Standard Serial Number | 16648714 |
| 100 ## - MAIN ENTRY--PERSONAL NAME | |
| Personal name | Stefano Mazzoleni||Christian E. Vincenot||Lael Parrott |
| 245 #0 - TITLE STATEMENT | |
| Title | Hybrid Solutions for the Modelling of Complex Environmental Systems |
| 546 ## - LANGUAGE NOTE | |
| Language note | English[eng] |
| 650 ## - SUBJECT ADDED ENTRY--TOPICAL TERM | |
| Topical term or geographic name entry element | system dynamics||Multiscale integration||simulation||Mixed model||hierarchical structure||Combined approach||machine learning||agent-based modelling||paradigm shift||network |
| 856 ## - ELECTRONIC LOCATION AND ACCESS | |
| Uniform Resource Identifier | <a href="http://journal.frontiersin.org/researchtopic/3269/hybrid-solutions-for-the-modelling-of-complex-environmental-systems">http://journal.frontiersin.org/researchtopic/3269/hybrid-solutions-for-the-modelling-of-complex-environmental-systems</a> |
| 942 ## - ADDED ENTRY ELEMENTS (KOHA) | |
| Koha item type | E-Books |
| Withdrawn status | Lost status | Damaged status | Not for loan | Home library | Current library | Date acquired | Total Checkouts | Date last seen | Price effective from | Koha item type |
|---|---|---|---|---|---|---|---|---|---|---|
| Kerala University of Digital Sciences, Innovation and Technology Knowledge Centre | Kerala University of Digital Sciences, Innovation and Technology Knowledge Centre | 20/06/2022 | 20/06/2022 | 20/06/2022 | E-Books |